000 00559nam a2200157 a 4500
008 120416s1982 ||||||||||||||||| || u
050 _aHD 30.27 Soc
100 _aTwiss, Brian C
245 1 0 _aSocial forecasting for company planning
_cedited by Brian C. Twiss
260 _aLondon
_bMcMillan
_c1982
350 _a0.00
650 _aPLANNING
650 _aSOCIAL FORECASTING
650 0 _aMANAGEMENT
995 _D0.00
_FCBU-MAIN LIBRARY (Kitwe)
_H1
_I0.00
_M1
_UAVAILABLE
_ZAnnex Low-Usage Collection
999 _c57691
_d57691